[Event "EU-chT Seniors 50"]
[Site "Terme Catez"]
[Date "2024.05.08"]
[Round "2.4"]
[White "Conquest, Stuart"]
[Black "Lekic, Dusan"]
[Result "1/2-1/2"]
[WhiteElo "2510"]
[BlackElo "2303"]
[PlyCount "44"]
[EventDate "2024.05.07"]
[EventType "team-swiss"]
[EventRounds "9"]
[EventCountry "SLO"]
[SourceTitle "CB20_2024"]
[SourceDate "2024.05.16"]
[SourceVersion "1"]
[SourceVersionDate "2024.05.16"]
[SourceQuality "1"]
[WhiteTeam "England 50"]
[BlackTeam "Montenegro 50"]
[WhiteTeamCountry "ENG"]
[BlackTeamCountry "MNE"]

1. d4 Nf6 2. c4 e6 3. Nc3 Bb4 4. f3 d5 5. a3 Bxc3+ 6. bxc3 c5 7. cxd5 Nxd5 8. dxc5 Qa5 9. e4 Nf6 10. Be3 Nfd7 11. Kf2 0-0 12. Qb3 Qc7 13. Bb5 Nxc5 14. Qc4 b6 15. Bxc5 bxc5 16. Ne2 a6 17. Ba4 Nd7 18. Qa2 Nb6 19. Bc2 c4 20. Rhd1 e5 21. a4 Be6 22. Qa3 Nd7 1/2-1/2

[Event "MNT-chT"]
[Site "Herceg Novi"]
[Date "2024.05.02"]
[Round "7.8"]
[White "Djukic, Nikola"]
[Black "Lekic, Dusan"]
[Result "1/2-1/2"]
[WhiteElo "2536"]
[BlackElo "2320"]
[PlyCount "79"]
[EventDate "2024.04.27"]
[EventType "team-tourn"]
[EventRounds "9"]
[EventCountry "MNE"]
[SourceTitle "CB19_2024"]
[SourceDate "2024.05.08"]
[SourceVersion "1"]
[SourceVersionDate "2024.05.08"]
[SourceQuality "1"]
[WhiteTeam "Buducnost"]
[BlackTeam "Mimoza"]
[WhiteTeamCountry "MNE"]
[BlackTeamCountry "MNE"]

1. e4 e5 2. Nf3 Nc6 3. Bb5 a6 4. Ba4 Nf6 5. 0-0 Be7 6. Re1 b5 7. Bb3 0-0 8. a4 b4 9. a5 d6 10. c3 Rb8 11. Bc4 Bg4 12. h3 Bh5 13. d3 bxc3 14. bxc3 Nxa5 15. Rxa5 Rxb1 16. Qc2 Rxc1 17. Rxc1 Bxf3 18. gxf3 Nh5 19. d4 c5 20. Rxa6 Nf4 21. dxe5 dxe5 22. Bf1 c4 23. Rd1 Qc8 24. Ra7 Bc5 25. Ra5 Qc6 26. Qa2 Qb6 27. Rd2 Qg6+ 28. Kh2 Be7 29. Ra8 Qh5 30. Rd7 Qh4 31. Rxf8+ Bxf8 32. Qa7 Qh5 33. Rd8 Qxf3 34. Qe3 Qh5 35. Bxc4 Qg5 36. Rxf8+ Kxf8 37. Qc5+ Qe7 38. Qc8+ Qe8 39. Qxe8+ Kxe8 40. Kg3 1/2-1/2

[Event "New York 1000 GM Spring IM-C"]
[Site "New York"]
[Date "2024.03.28"]
[Round "2"]
[White "Lekic, Dusan"]
[Black "Yudasin, Leonid"]
[Result "1/2-1/2"]
[WhiteElo "2320"]
[BlackElo "2337"]
[PlyCount "30"]
[EventDate "2024.03.27"]
[EventType "tourn"]
[EventRounds "9"]
[EventCountry "USA"]
[EventCategory "1"]
[SourceTitle "CB14_2024"]
[SourceDate "2024.04.01"]
[SourceVersion "1"]
[SourceVersionDate "2024.04.01"]
[SourceQuality "1"]

1. d4 d5 2. c4 c6 3. cxd5 cxd5 4. Nf3 Nc6 5. Nc3 Nf6 6. Bf4 Bf5 7. e3 e6 8. Bd3 Bxd3 9. Qxd3 Bd6 10. Bxd6 Qxd6 11. 0-0 0-0 12. Rfc1 Rfc8 13. a3 Na5 14. Ne2 Nc4 15. Rc2 Nb6 1/2-1/2

[Event "Basel Christmas op"]
[Site "Basel"]
[Date "2023.12.28"]
[Round "5"]
[White "Hoffmann, Sebastian1"]
[Black "Lekic, Dusan"]
[Result "1-0"]
[WhiteElo "2176"]
[BlackElo "2335"]
[PlyCount "57"]
[EventDate "2023.12.26"]
[EventType "swiss"]
[EventRounds "9"]
[EventCountry "SUI"]
[SourceTitle "CB02_2024"]
[SourceDate "2024.01.10"]
[SourceVersion "1"]
[SourceVersionDate "2024.01.10"]
[SourceQuality "1"]

1. d4 Nf6 2. c4 e6 3. Nc3 Bb4 4. Bd2 b6 5. Nf3 Bb7 6. e3 0-0 7. Bd3 d5 8. cxd5 exd5 9. Ne5 Bd6 10. Rc1 c5 11. 0-0 Nc6 12. Ng4 cxd4 13. exd4 Nxg4 14. Qxg4 Nb4 15. Bb1 Bc8 16. Qh5 g6 17. Qh6 Nc6 18. Nxd5 Nxd4 19. Rfe1 Nf5 20. Bxf5 Bxf5 21. Bc3 f6 22. Bxf6 Rxf6 23. Re8+ Rf8 24. Rxd8 Raxd8 25. Qh4 Be6 26. Ne7+ Kg7 27. Nc6 Rd7 28. Nd4 Bd5 29. Re1 1-0

[Event "Basel Christmas op"]
[Site "Basel"]
[Date "2023.12.26"]
[Round "1"]
[White "Petersen, Marcel"]
[Black "Lekic, Dusan"]
[Result "1-0"]
[WhiteElo "2097"]
[BlackElo "2335"]
[PlyCount "73"]
[EventDate "2023.12.26"]
[EventType "swiss"]
[EventRounds "9"]
[EventCountry "SUI"]
[SourceTitle "CB02_2024"]
[SourceDate "2024.01.10"]
[SourceVersion "1"]
[SourceVersionDate "2024.01.10"]
[SourceQuality "1"]

1. e4 c5 2. Nf3 d6 3. Bb5+ Bd7 4. Bxd7+ Qxd7 5. c4 Nf6 6. Nc3 g6 7. 0-0 Bg7 8. d4 cxd4 9. Nxd4 0-0 10. f3 Rc8 11. Qd3 Nc6 12. Nxc6 Qxc6 13. b3 a6 14. Bd2 b5 15. cxb5 Qc5+ 16. Kh1 axb5 17. Rac1 Qb6 18. Be3 Qb7 19. Qxb5 Qxb5 20. Nxb5 Rxc1 21. Rxc1 Rxa2 22. Rb1 Nd7 23. b4 f5 24. exf5 gxf5 25. Na7 Kf7 26. b5 d5 27. Nc6 Ke6 28. Bf4 Bc3 29. h4 d4 30. b6 d3 31. b7 d2 32. Rd1 Kd5 33. Nxe7+ Kc4 34. Nc6 Kd3 35. Bxd2 Rxd2 36. Rxd2+ Bxd2 37. Ne5+ 1-0

[Event "Spilimbergo op 21st"]
[Site "Spilimbergo"]
[Date "2023.08.11"]
[Round "4"]
[White "Shoshin, Kirill"]
[Black "Lekic, Dusan"]
[Result "1-0"]
[WhiteElo "2244"]
[BlackElo "2329"]
[PlyCount "65"]
[EventDate "2023.08.09"]
[EventType "swiss"]
[EventRounds "9"]
[EventCountry "ITA"]
[SourceTitle "CBM 215 Extra"]
[Source "ChessBase"]
[SourceDate "2023.09.30"]
[SourceVersion "1"]
[SourceVersionDate "2023.09.30"]
[SourceQuality "1"]

1. d4 Nf6 2. Nf3 e6 3. Bf4 d5 4. e3 Bd6 5. Ne5 0-0 6. Nd2 c5 7. c3 Qc7 8. Bd3 Nc6 9. Ndf3 Ne4 10. 0-0 f6 11. Nxc6 Bxf4 12. Ne7+ Qxe7 13. exf4 cxd4 14. cxd4 Qd6 15. g3 Bd7 16. Re1 Be8 17. Nd2 Nxd2 18. Qxd2 Bg6 19. Re3 Bxd3 20. Qxd3 f5 21. Rae1 Rfe8 22. Qa3 Qxa3 23. Rxa3 a6 24. Rc3 Kf7 25. Rec1 Rad8 26. Rc7+ Re7 27. Kf1 Ke8 28. R7c5 Red7 29. Ke2 Ke7 30. Kd3 h6 31. h4 g5 32. hxg5 hxg5 33. fxg5 1-0

[Event "MNT-chT"]
[Site "Herceg Novi"]
[Date "2023.05.07"]
[Round "8.4"]
[White "Blagojevic, Dragisa"]
[Black "Lekic, Dusan"]
[Result "1/2-1/2"]
[WhiteElo "2472"]
[BlackElo "2331"]
[PlyCount "109"]
[EventDate "2023.05.01"]
[EventType "team-tourn"]
[EventRounds "9"]
[EventCountry "MNE"]
[SourceTitle "CBM 214 Extra"]
[Source "ChessBase"]
[SourceDate "2023.07.31"]
[SourceVersion "1"]
[SourceVersionDate "2023.07.31"]
[SourceQuality "1"]
[WhiteTeam "Herceg Novi"]
[BlackTeam "Mimoza"]
[WhiteTeamCountry "MNE"]
[BlackTeamCountry "MNE"]

1. d4 Nf6 2. c4 e6 3. Nf3 d5 4. Nc3 c6 5. e3 Nbd7 6. Qc2 Bd6 7. b3 0-0 8. Be2 e5 9. cxd5 cxd5 10. Nb5 Bb4+ 11. Bd2 Bxd2+ 12. Nxd2 a6 13. dxe5 Nxe5 14. Nd4 Bg4 15. f3 Bd7 16. Kf2 Re8 17. Rhc1 Qe7 18. Nf1 Nc6 19. Qc5 Qxc5 20. Rxc5 h5 21. Nxc6 Bxc6 22. Ng3 g6 23. Bf1 Rac8 24. Rac1 Bd7 25. Ne2 Rxc5 26. Rxc5 Rc8 27. Rxc8+ Bxc8 28. Kg3 Kf8 29. Kf4 Ke7 30. Ke5 Be6 31. Nc3 g5 32. g3 Nd7+ 33. Kd4 Kd6 34. f4 gxf4 35. gxf4 Nb8 36. Ne2 Bg4 37. Kc3 Bxe2 38. Bxe2 h4 39. b4 b6 40. Bh5 f6 41. Be2 b5 42. Bg4 Nc6 43. a3 Ne7 44. Kd3 f5 45. Bh5 Nc8 46. Bg6 Ke6 47. Kd4 Nd6 48. Bh7 Nc4 49. Bg8+ Kd6 50. Bxd5 Nxe3 51. Bb7 Nc2+ 52. Kc3 Nxa3 53. Bxa6 Nc4 54. Kd3 Nb6 55. Bxb5 1/2-1/2

[Event "MNT-chT"]
[Site "Herceg Novi"]
[Date "2023.05.06"]
[Round "7.2"]
[White "Lekic, Dusan"]
[Black "Skvortsov, Andrei"]
[Result "1/2-1/2"]
[WhiteElo "2331"]
[BlackElo "2313"]
[PlyCount "90"]
[EventDate "2023.05.01"]
[EventType "team-tourn"]
[EventRounds "9"]
[EventCountry "MNE"]
[SourceTitle "CBM 214 Extra"]
[Source "ChessBase"]
[SourceDate "2023.07.31"]
[SourceVersion "1"]
[SourceVersionDate "2023.07.31"]
[SourceQuality "1"]
[WhiteTeam "Mimoza"]
[BlackTeam "Dama"]
[WhiteTeamCountry "MNE"]
[BlackTeamCountry "MNE"]

1. d4 d5 2. c4 dxc4 3. Nf3 a6 4. e3 Nf6 5. Bxc4 e6 6. 0-0 Nbd7 7. a4 b6 8. Nc3 Bb7 9. Qe2 Bb4 10. Rd1 0-0 11. d5 exd5 12. Nxd5 Nxd5 13. Bxd5 Bxd5 14. Rxd5 Qe7 15. e4 Nc5 16. Qc4 a5 17. e5 Qe6 18. Nd4 Qg6 19. Be3 Qe4 20. b3 Bc3 21. Rd1 Bxd4 22. R5xd4 Qb7 23. f4 Qa6 24. Qc2 Ne6 25. Rd7 Rfe8 26. Qf5 Rf8 27. Qg4 Nc5 28. Bxc5 bxc5 29. f5 Qh6 30. Qg3 Rae8 31. h4 Qh5 32. f6 Qg6 33. Qxg6 hxg6 34. fxg7 Kxg7 35. R1d5 Rb8 36. Rxc5 Rxb3 37. e6 Re3 38. e7 Re8 39. Rcxc7 Re5 40. Ra7 f6 41. Rdb7 Kf7 42. g3 Re2 43. Kf1 Ra2 44. Rxa5 Rc8 45. Rb1 Rcc2 1/2-1/2

[Event "Palmanova op 11th"]
[Site "Palmanova"]
[Date "2022.12.10"]
[Round "5"]
[White "Lekic, Dusan"]
[Black "Casadio, Niccolo"]
[Result "1/2-1/2"]
[WhiteElo "2329"]
[BlackElo "2144"]
[PlyCount "76"]
[EventDate "2022.12.08"]
[EventType "swiss"]
[EventRounds "6"]
[EventCountry "ITA"]
[SourceTitle "CBM 211 Extra"]
[Source "ChessBase"]
[SourceDate "2023.01.31"]
[SourceVersion "1"]
[SourceVersionDate "2023.01.31"]
[SourceQuality "1"]

1. d4 e6 2. e4 d5 3. Nc3 Nf6 4. e5 Nfd7 5. f4 c5 6. Nf3 Nc6 7. Be3 Qb6 8. Na4 Qa5+ 9. c3 b6 10. Bd2 c4 11. b4 Nxb4 12. cxb4 Bxb4 13. Qc2 Bxd2+ 14. Nxd2 b5 15. Nc3 b4 16. Qa4 Qb6 17. Nb5 0-0 18. Nf3 Nb8 19. Nd6 Nc6 20. Rd1 Bd7 21. Qc2 a5 22. h4 b3 23. axb3 cxb3 24. Qb1 f5 25. exf6 Qb4+ 26. Kf2 Qxd6 27. fxg7 Rf7 28. Qxb3 Qxf4 29. Qe3 Qxe3+ 30. Kxe3 Rxg7 31. Bb5 Rb8 32. Rb1 Nb4 33. Bxd7 Rxd7 34. Rhc1 Rg7 35. Rb2 Ra7 36. Ra1 Rbb7 37. Ne5 Rc7 38. Ra4 Kg7 1/2-1/2

[Event "Palmanova op 11th"]
[Site "Palmanova"]
[Date "2022.12.09"]
[Round "2"]
[White "Zuttioni, Federico"]
[Black "Lekic, Dusan"]
[Result "0-1"]
[WhiteElo "2165"]
[BlackElo "2329"]
[PlyCount "106"]
[EventDate "2022.12.08"]
[EventType "swiss"]
[EventRounds "6"]
[EventCountry "ITA"]
[SourceTitle "CBM 211 Extra"]
[Source "ChessBase"]
[SourceDate "2023.01.31"]
[SourceVersion "1"]
[SourceVersionDate "2023.01.31"]
[SourceQuality "1"]

1. e4 e5 2. Nf3 Nc6 3. Bc4 Bc5 4. c3 Nf6 5. d3 0-0 6. 0-0 d5 7. exd5 Nxd5 8. a4 a5 9. Nbd2 Nb6 10. Bb5 Bg4 11. h3 Bh5 12. g4 Bg6 13. Bxc6 bxc6 14. d4 exd4 15. Nb3 Bd6 16. Nbxd4 c5 17. Nb5 Bd3 18. Re1 Bxb5 19. axb5 Qd7 20. Qc2 f5 21. g5 Qxb5 22. Bd2 c4 23. Rad1 f4 24. Bc1 Rae8 25. Rxe8 Qxe8 26. Kg2 Qh5 27. Qe4 Re8 28. Qc6 Rb8 29. Rd4 Qe8 30. Qxe8+ Rxe8 31. Kf1 Rf8 32. Nd2 Kf7 33. Nxc4 Nxc4 34. Rxc4 Kg6 35. Ra4 Rf5 36. Kg2 Kxg5 37. Re4 Rd5 38. Re1 Kf5 39. b3 Rd3 40. Bb2 f3+ 41. Kf1 Rd2 42. Bc1 Rc2 43. Be3 Rxc3 44. Rb1 g5 45. Ke1 Rc2 46. Kd1 Re2 47. Rc1 h5 48. Rc3 g4 49. hxg4+ hxg4 50. Rd3 Be5 51. Bc5 Ke4 52. Rd8 Rb2 53. Rg8 Kd3 0-1

[Event "Belgrade-chT Quality"]
[Site "Belgrade"]
[Date "2022.10.03"]
[Round "3.3"]
[White "Mihic, Bojan"]
[Black "Lekic, Dusan"]
[Result "1/2-1/2"]
[WhiteElo "2307"]
[BlackElo "2320"]
[PlyCount "20"]
[EventDate "2022.10.01"]
[EventType "team-tourn"]
[EventRounds "11"]
[EventCountry "SRB"]
[SourceTitle "CBM 210 Extra"]
[Source "ChessBase"]
[SourceDate "2022.11.30"]
[SourceVersion "1"]
[SourceVersionDate "2022.11.30"]
[SourceQuality "1"]
[WhiteTeam "Belgrade Radnicki"]
[BlackTeam "Belgrade Partizan"]
[WhiteTeamCountry "SRB"]
[BlackTeamCountry "SRB"]

1. g3 e5 2. Bg2 d5 3. d3 g6 4. e4 dxe4 5. dxe4 Qxd1+ 6. Kxd1 Bc5 7. f3 Be6 8. Bh3 Bxh3 9. Nxh3 Nd7 10. Ke2 Ne7 1/2-1/2

[Event "Titled Tuesday intern op 09th Feb"]
[Site "Chess.com INT"]
[Date "2021.02.09"]
[Round "1"]
[White "Galchenko, Matvey"]
[Black "Lekic, Dusan"]
[Result "1-0"]
[WhiteElo "2433"]
[BlackElo "2325"]
[PlyCount "71"]
[EventDate "2021.02.09"]
[EventType "swiss (blitz)"]
[EventRounds "11"]
[EventCountry "USA"]
[SourceTitle "EXT 2022"]
[Source "ChessBase"]
[SourceDate "2021.10.06"]
[SourceVersion "1"]
[SourceVersionDate "2021.10.06"]
[SourceQuality "1"]

1. d4 Nf6 2. Nf3 e6 3. e3 b6 4. Bd3 Bb7 5. 0-0 g6 6. b3 Bg7 7. Bb2 0-0 8. c4 d6 9. Nbd2 Nbd7 10. Qe2 Qe7 11. e4 e5 12. d5 a5 13. a3 Nh5 14. g3 c6 15. b4 a4 16. dxc6 Bxc6 17. Rad1 f5 18. exf5 gxf5 19. Nd4 Bb7 20. Qxh5 exd4 21. Bxf5 Nf6 22. Qh3 Rae8 23. Bxd4 h6 24. Qh4 Nh7 25. Qxe7 Rxe7 26. Bxg7 Rxf5 27. Bxh6 Re6 28. Be3 Nf6 29. h3 Rh5 30. h4 Ng4 31. Bf4 Rg6 32. Rfe1 Ne5 33. Bxe5 dxe5 34. Kf1 Rxh4 35. gxh4 Bg2+ 36. Ke2 1-0

[Event "Titled Tuesday intern op 17th Nov"]
[Site "Chess.com INT"]
[Date "2020.11.17"]
[Round "1"]
[White "Korchmar, Vasiliy"]
[Black "Lekic, Dusan"]
[Result "1-0"]
[WhiteElo "2451"]
[BlackElo "2325"]
[PlyCount "39"]
[EventDate "2020.11.17"]
[EventType "swiss (blitz)"]
[EventRounds "11"]
[EventCountry "USA"]
[SourceTitle "CBM 199 Extra"]
[Source "ChessBase"]
[SourceDate "2021.01.31"]
[SourceVersion "1"]
[SourceVersionDate "2021.01.31"]
[SourceQuality "1"]

1. d4 d5 2. Nf3 Nf6 3. Bf4 c5 4. e3 Nc6 5. Nbd2 Bf5 6. dxc5 e6 7. Nd4 Bg6 8. Bb5 Rc8 9. Nxc6 bxc6 10. Ba6 Bxc5 11. Bxc8 Qxc8 12. Be5 Be7 13. 0-0 0-0 14. b3 h5 15. Bb2 Nd7 16. c4 Qa6 17. Nf3 Nc5 18. Ne5 Bf6 19. Nxg6 Bxb2 20. Ne7+ 1-0